Enfócate : (Registro nro. 64518)
[ vista simple ]
| 000 -LEADER | |
|---|---|
| fixed length control field | 01368cam a2200349 i 4500 |
| 001 - CONTROL NUMBER | |
| control field | 64518 |
| 003 - CONTROL NUMBER IDENTIFIER | |
| control field | Mx-PuUPA |
| 005 - DATE AND TIME OF LATEST TRANSACTION | |
| control field | 20240410104106.0 |
| 008 - FIXED-LENGTH DATA ELEMENTS--GENERAL INFORMATION | |
| fixed length control field | 160321s2017 mx gr 000 0 spa d |
| 020 ## - INTERNATIONAL STANDARD BOOK NUMBER | |
| International Standard Book Number | 9786077473428 |
| 040 ## - CATALOGING SOURCE | |
| Original cataloging agency | Mx-PuUPA |
| Language of cataloging | spa |
| Transcribing agency | Mx-PuUPA |
| Modifying agency | Mx-PuUPA |
| Description conventions | rda |
| 041 1# - LANGUAGE CODE | |
| Language code of text/sound track or separate title | spa |
| Language code of original | eng |
| 100 1# - MAIN ENTRY--PERSONAL NAME | |
| Personal name | Newport, Cal, |
| Dates associated with a name | 1982- |
| Relator term | autor |
| 9 (RLIN) | 13173 |
| 240 10 - UNIFORM TITLE | |
| Uniform title | Deep Work. Rules for focused seccess in a distracted world. |
| Language of a work | Español |
| 245 10 - TITLE STATEMENT | |
| Title | Enfócate : |
| Remainder of title | consejos para alcanzar el éxito en un mundo disperso / |
| Statement of responsibility, etc. | Cal Newport ; traducción, María Mercedes Correa |
| 250 ## - EDITION STATEMENT | |
| Edition statement | Primera edición / |
| Remainder of edition statement | abril |
| 264 #1 - PRODUCTION, PUBLICATION, DISTRIBUTION, MANUFACTURE, AND COPYRIGHT NOTICE | |
| Place of production, publication, distribution, manufacture | Ciudad de México : |
| Name of producer, publisher, distributor, manufacturer | Ediciones Culturales Paidós, |
| Date of production, publication, distribution, manufacture, or copyright notice | ©2017 |
| 300 ## - PHYSICAL DESCRIPTION | |
| Extent | 292 páginas ; |
| Dimensions | 23 cm |
| 336 ## - CONTENT TYPE | |
| Content type term | texto |
| Content type code | txt |
| Fuente | rdacontent |
| 337 ## - MEDIA TYPE | |
| Source | rdamedia |
| Media type term | sin medio |
| Media type code | n |
| 338 ## - CARRIER TYPE | |
| Source | rdacarrier |
| Carrier type term | volumen |
| Carrier type code | nc |
| 650 #7 - SUBJECT ADDED ENTRY--TOPICAL TERM | |
| Source of heading or term | armarc |
| Topical term or geographic name entry element | Distracción (Psicología) |
| 650 #7 - SUBJECT ADDED ENTRY--TOPICAL TERM | |
| Source of heading or term | armarc |
| Topical term or geographic name entry element | Proceso mental |
| 650 #7 - SUBJECT ADDED ENTRY--TOPICAL TERM | |
| Source of heading or term | armarc |
| Topical term or geographic name entry element | Cognición |
| 650 #7 - SUBJECT ADDED ENTRY--TOPICAL TERM | |
| Source of heading or term | armarc |
| Topical term or geographic name entry element | Éxito |
| 700 1# - ADDED ENTRY--PERSONAL NAME | |
| Personal name | Correa, María Mercedes, |
| Relator term | traductor |
| 765 08 - ORIGINAL LANGUAGE ENTRY | |
| Main entry heading | Newport, Cal, 1982- |
| Place, publisher, and date of publication | New York, NY. : Grand Central Publishing, ©2016 |
| Title | Deep Work. Rules for focused seccess in a distracted world. |
| 942 ## - ADDED ENTRY ELEMENTS (KOHA) | |
| Source of classification or shelving scheme | Dewey Decimal Classification |
| Koha item type | Libro |
| Classification part | 650.1 |
| Item part | N5325 |
| Withdrawn status | Lost status | Source of classification or shelving scheme | Damaged status | Not for loan | Collection code | Home library | Current library | Shelving location | Date acquired | Source of acquisition | Total Checkouts | Full call number | Barcode | Checked out | Date last seen | Date last checked out | Price effective from | Koha item type |
|---|---|---|---|---|---|---|---|---|---|---|---|---|---|---|---|---|---|---|
| Dewey Decimal Classification | Magisterial | Biblioteca Karol Wojtyla | Biblioteca Karol Wojtyla | Módulo de circulación | 03/12/2013 | Compra | 4 | 650.1 N5325 2017 | 61949 | 04/03/2027 | 04/03/2026 | 04/03/2026 | 16/06/2015 | Magisterial |